Da Vinci Or Not Da Vinci? - Statistics

General Stats
  • This quiz has been taken 38 times
  • The average score is 12 of 15
Answer Stats
Question Answer % Correct
Mona Lisa Da Vinci
100%
Leaning Tower of Pisa Not Da Vinci
100%
Vitruvian Man Da Vinci
97%
Bolognese Sauce Not Da Vinci
97%
Chocolate Bar Not Da Vinci
97%
The Last Supper Da Vinci
94%
Gravity Not Da Vinci
94%
Starry Night Not Da Vinci
91%
Winged Victory of Samothrace Not Da Vinci
82%
Helicopter Da Vinci
74%
Reflecting Telescope Not Da Vinci
68%
Virgin of the Rocks Da Vinci
62%
Tank Da Vinci
59%
Adoration of the Magi Da Vinci
38%
Friction Laws Da Vinci
9%
No matching quizzes found
Score Distribution
Percent of People with Each Score
Percentile by Number Answered
Your Score History
You have not taken this quiz